Logo BPK

Bibliografia Prac Pracowników

Politechniki Koszalińskiej

Sposoby obiektywizacji oceny lekcji koleżeńskich / (Rekord nr 9143)

Szczegóły MARC
000 -ETYKIETA REKORDU
podpole kontrolne o stałej długości 00883naa a2200181 i 4500
001 - NUMER KONTROLNY REKORDU
podpole kontrolne 9143
003 - IDENTYFIKATOR NUMERU KONTROLNEGO REKORDU
podpole kontrolne KOSZ 005
005 - DATA OSTATNIEJ MODYFIKACJI REKORDU
podpole kontrolne 20180319115226.0
008 - POLE O STAŁEJ DŁUGOŚCI - DANE KONTROLNE
podpole kontrolne o stałej długości 151120s1996 pl n f |100 0pol
040 ## - ŹRÓDŁO KATALOGOWANIA
Instytucja, która utworzyła rekord BPK
Instytucja, która dokonała modyfikacji KOSZ 005/EG
100 1# - NAZWA OSOBOWA
Nazwa osobowa BOGDAŃSKI, Marek.
Lata pracy 1991 - 1996.
Instytucja Wyższa Szkoła Inżynierska w Koszalinie - Wydział Mechaniczny,
Instytut Katedra Nauk Pedagogicznych
245 10 - TYTUŁ/ODPOWIEDZIALNOŚĆ
Tytuł Sposoby obiektywizacji oceny lekcji koleżeńskich /
Pozostałe elementy strefy tytułu i oznaczenia odpowiedzialności Marek Bogdański, Stanisław Sokołowski.
650 #0 - HASŁO PRZEDMIOTOWE W FORMIE NAZWY OGÓLNEJ LUB JEDNOSTKOWEJ
Nazwa ogólna lub geograficzna Kształcenie.
655 #0 - TERMIN INDEKSOWY - OKREŚLENIE RODZAJU/FORMY DOKUMENTU
Określnie rodzaju/formy dokumentu Materiały konferencyjne.
700 1# - HASŁO DODATKOWE - NAZWA OSOBOWA
Nazwa osobowa SOKOŁOWSKI, Stanisław.
Lata pracy 1972 - 1996.
Instytucja Wyższa Szkoła Inżynierska w Koszalinie - Zakład Nowych Technik Nauczania
773 0# - TYTUŁ DOKUMENTU MACIERZYSTEGO
Wyrażenie wprowadzające W :
Tytuł Ogólnopolskie Seminarium Pedagogiki Szkoły Wyższej. -
Adres wydawniczy Szczecin ; Warszawa : Wydaw. Naukowe Uniwersytetu Szczecińskiego. -
Informacje dotyczące relacji 1996, nr 7, s. 58-64
942 ## - HASŁO DODATKOWE - ELEMENTY(KOHA)
Typ dokumentu Artykuł
Schemat klasyfikacji Uniwersalna klasyfikacja dziesiętna

Brak dostępnych egzemplarzy.

© 2014 Biblioteka Politechniki Koszalińskiej :: BIBLIOGRAFIA PRAC PRACOWNIKÓW